Normal view
MARC view
- Buchwald, Aaron
Entry Personal Name
001 - CONTROL NUMBER
- control field: 96466
003 - CONTROL NUMBER IDENTIFIER
- control field: NUST
005 - DATE AND TIME OF LATEST TRANSACTION
- control field: 20220803155512.0
008 - FIXED-LENGTH DATA ELEMENTS
- fixed length control field: 220803|| aca||aabn | a|a d
040 ## - CATALOGING SOURCE
- Original cataloging agency: NUST
- Transcribing agency: NUST
100 ## - HEADING--PERSONAL NAME
- Personal name: Buchwald, Aaron
670 ## - SOURCE DATA FOUND
- Source citation: Work cat.: (NUST)175614: Buchwald, Aaron, Integrated fiber-optic receivers /, c1995.
